书目信息 |
| 题名: |
活下来再说
|
|
| 作者: | 杨孟勇 著 | |
| 分册: | ||
| 出版信息: | 北京 作家出版社 2005.06 |
|
| 页数: | 243页 | |
| 开本: | 20cm | |
| 丛书名: | ||
| 单 册: | ||
| 中图分类: | I25 | |
| 科图分类: | ||
| 主题词: | 纪实文学--中国--当代 | |
| 电子资源: | ||
| ISBN: | 7-5063-3232-9 | |
| 000 | 00811nam0 22002417 450 | |
| 001 | 192004001144 | |
| 005 | 20070912092352.95 | |
| 010 | @a7-5063-3232-9@dCNY18.00 | |
| 100 | @a20070531d2005 ekmy0chiy0121 ea | |
| 101 | 0 | @achi |
| 102 | @aCN@b110000 | |
| 105 | @ay z 000zy | |
| 200 | 1 | @a活下来再说@Ahuo xia lai zai shui@e一位心脏移植者的自述@f杨孟勇著 |
| 210 | @a北京@c作家出版社@d2005.06 | |
| 215 | @a243页@d20cm | |
| 300 | @a其他题名:一位心脏移植者的自述 | |
| 330 | @a本书是一本中国当代纪实文学书籍,本书讲述了一位心脏移植者有绝处逢生后的改变。以及包括他的家人和妻子的改变等内容。 | |
| 517 | 1 | @a一位心脏移植者的自述@Ayi wei xin zang yi zhi zhe de zi shu |
| 606 | 0 | @a纪实文学@y中国@z当代 |
| 690 | @aI25@v4 | |
| 701 | 0 | @a杨孟勇@Ayang meng yong@4著 |
| 801 | 0 | @aCN@c20070912 |
| 905 | @dI25@eY238 | |
| 活下来再说:一位心脏移植者的自述/杨孟勇著.-北京:作家出版社,2005.06 |
| 243页;20cm |
| 其他题名:一位心脏移植者的自述 |
| ISBN 7-5063-3232-9:CNY18.00 |
| 本书是一本中国当代纪实文学书籍,本书讲述了一位心脏移植者有绝处逢生后的改变。以及包括他的家人和妻子的改变等内容。 |
| ● |
| 相关链接 |
|
|
|
正题名:活下来再说
索取号:I25/Y238
 
预约/预借
| 序号 | 登录号 | 条形码 | 馆藏地/架位号 | 状态 | 备注 |
| 1 | 623781 | 206237810 | 文学库108/108文学库 66排2列4层/ [索取号:I25/Y238] | 在馆 | |
| 2 | 623782 | 206237829 | 文学库108/108文学库 66排2列4层/ [索取号:I25/Y238] | 在馆 | |
| 3 | 623783 | 206237838 | 文学库108/108文学库 66排2列4层/ [索取号:I25/Y238] | 在馆 |